مكتبة جامعة عجلون الوطنية

فهرس بحث المكتبة

Normal view MARC view
  • الملكية العقارية -- قوانين وتشريعات -- مصر

Entry Topical Term

Number of records used in: 1

001 - CONTROL NUMBER

  • control field: 32465

003 - CONTROL NUMBER IDENTIFIER

  • control field: JO-AjAnu

005 - DATE AND TIME OF LATEST TRANSACTION

  • control field: 20230606075445.0

008 - FIXED-LENGTH DATA ELEMENTS

  • fixed length control field: 230606|| aca||aabn | a|a d

040 ## - CATALOGING SOURCE

  • Original cataloging agency: JO-AjAnu
  • Transcribing agency: JO-AjAnu

150 ## - HEADING--TOPICAL TERM

  • Topical term or geographic name entry element: الملكية العقارية -- قوانين وتشريعات -- مصر

670 ## - SOURCE DATA FOUND

  • Source citation: Work cat.: (JO-AjAnu)16677: الشهاوى ، قدرى عبد الفتاح , author 32464, شرح قانون التمويل العقاري رقم(148) لسنة 2001 ولائحتة التنفيذية الصادرة بالقرار رقم (1) لسنة 2001 والمعدلة بالقرار رقم 465 لسنة 2005